000 00794nam a2200229 i 4500
001 183136
003 ES-MaACL
005 20250526063013.0
008 140124s1991 sp | |||| ||spa d
020 _a84-309-1954-6
080 _a1:37
100 1 _aSchopenhauer, Arthur,
_d1788-1860
_9240710
245 1 0 _aSobre la filosofía de universidad /
_cArthur Schopenhauer ; presentación y traducción de Mariano Rodríguez.
260 _aMadrid :
_bTecnos,
_c1991.
300 _a148 p. ;
_c18 cm.
490 1 _aCuadernos de filosofía y ensayo
650 0 4 _aFilosofía-
_xEnseñanza.
_912809
700 0 _aRodríguez, Mariano.
_998285
830 0 _aCuadernos de filosofía y ensayo
_9179716
852 _aES-MaACL
_jL-29951
_z.- Donat. Miguel A. Velasco
999 _c183136
_d183136